| 000 | 00792nam0a22002651 4500 | ||
|---|---|---|---|
| 001 | v19\rc\1935169 | ||
| 005 | 20251118180751.3 | ||
| 035 | _a(NLR Aleph) 005019631 | ||
| 090 |
_a6575144 _c6575144 |
||
| 100 | _a20080404d1912 u y0rusy50 ca | ||
| 101 | 0 | _arus | |
| 102 | _aRU | ||
| 105 | _ay z |||a| | ||
| 200 | 1 |
_aСпасенный _e(Рассказ из воин. быта) _fСвящ. С. Соколовский |
|
| 210 |
_aСанкт-Петербург _cтип. "Сел. вестн." _d1912 |
||
| 215 |
_a16 с. _d24 |
||
| 700 | 1 |
_aСоколовский _bС. |
|
| 801 | 0 |
_aRU _bNLR _gpsbo |
|
| 801 | 0 |
_aRU _bRuMoRGB _2psbo |
|
| 801 | 1 |
_aRU _bProSoft-M _2rusmarc |
|
| 852 |
_aNLR _j20.98.8.172 |
||
| 899 |
_aRuMoRGB _jB 18/187 |
||
| 899 |
_aRuMoRGB _jΔ 406/40 |
||
| 942 | _cBOOK | ||
| 980 | _aNB | ||